000 00779nam a2200265 a 4500
999 _c8846
_d8846
001 8846
003 Bd-JhCC
005 20180529142819.0
008 180304m1981 u a 000 0 eng d
020 _a1869981510 (bk.1)
020 _a1869981731 (bk.2)
035 _a(Bd-JhCC)8846
040 _aBD-JhCC
_dBD-JhCC
041 _aeng
082 _a425
_220
_bSPE 1981
245 1 0 _aSpelling words and Skills /
_cLinda Ward Beech...[et all.]
260 _aNew York :
_bScott Foresman and Company,
_c1981.
300 _a192 p. ;
_c26 cm.
_bill. ;
500 _aTitle from cover.
650 0 _aSpelling
_xOrthography and spelling
_xStudy and teaching (Elementary)
650 0 _aEnglish language
_xPhonetics.
700 _aBeech, Linda Ward
942 _2ddc
_cBK